Jejak Nabi s.a.w dalam mempengaruhi orang

Bibliographic Details
Main Author: Fakhrudin, L . F. (Author)
Format: Book
Published: [s.1.] : Bintang Pelajar , [19-]
Subjects:

MARC

LEADER 00000cam a2200000 7i4500
001 0000004275
005 20210112093000.0
008 021118n
090 0 0 |a BP76.69   |b .F3 
100 0 |a Fakhrudin, L . F. ,   |e author 
245 0 0 |a Jejak Nabi s.a.w dalam mempengaruhi orang   |c L. F. Fakhrudin 
260 2 |a [s.1.] :   |b Bintang Pelajar ,   |c [19-] 
300 |a 207 ms. ;   |c 21 ms. 
504 |a Mengandungi bibliografi (ms. 203-207) 
600 0 0 |a Muhammad ,   |c Prophet ,   |d - 632 
650 0 |a Da'wah (Islam) 
999 |a 1000058931   |b Book   |c OPEN SHELF (30 DAYS)   |e Gong Badak Campus